000 00348nam a2200145Ia 4500
008 230917s9999||||xx |||||||||||||| ||und||
040 _e101568
_aMAIN
041 _aEnglish
082 _a005.133 B224M
100 _aBangia, Ramesh
245 0 _aMCQs in C
260 _aNew Delhi
_bKhanna Book Publishing
_c2004
300 _a184 p.
942 _cBK
999 _c122658
_d122658